[Event "Scarborough CC Fall Swiss"]
[Site "Toronto CAN"]
[Date "2008.12.18"]
[Round "8"]
[White "Armstrong, Robert J"]
[Black "Krupka, David"]
[Result "0-1"]
[WhiteElo "1804"]
[BlackElo "2262"]
[PlyCount "128"]
[GameId "2160767910294600"]
[EventDate "2008.10.30"]
[EventType "swiss"]
[EventRounds "8"]
[EventCountry "CAN"]
[SourceTitle "EXT 2011"]
[Source "ChessBase"]
[SourceDate "2011.11.26"]
[SourceVersion "1"]
[SourceVersionDate "2011.11.26"]
[SourceQuality "1"]

1. d4 d5 2. c4 e5 3. dxe5 d4 4. Nf3 Nc6 5. e3 Bb4+ 6. Bd2 dxe3 7. fxe3 Nge7 8. Be2 Nf5 9. O-O Bxd2 10. Qxd2 Qxd2 11. Nbxd2 Nxe3 12. Rfc1 Ng4 13. Bd3 O-O 14. Re1 Re8 15. e6 f6 16. Bf5 Nge5 17. Rad1 Bxe6 18. Nxe5 Nxe5 19. Bxe6+ Rxe6 20. c5 Rae8 21. Re3 Kf7 22. Rb3 b6 23. cxb6 axb6 24. Nf3 Nxf3+ 25. gxf3 Re2 26. Rc1 R8e7 27. a3 Rd2 28. Rbc3 c5 29. b4 cxb4 30. axb4 Ree2 31. Rc6 Rg2+ 32. Kh1 Rxh2+ 33. Kg1 Rdg2+ 34. Kf1 Rb2 35. Kg1 Rh4 36. Rxb6 Rhxb4 37. Rc7+ Kg6 38. Rxb4 Rxb4 39. Kg2 Kh6 40. Rf7 Rf4 41. Kg3 g5 42. Re7 Kg6 43. Re8 h5 44. Rg8+ Kf5 45. Rh8 h4+ 46. Kg2 Rb4 47. Rf8 Rb2+ 48. Kg1 h3 49. Rh8 h2+ 50. Rxh2 Rxh2 51. Kxh2 Kf4 52. Kg2 Ke3 53. Kf1 Kxf3 54. Kg1 g4 55. Kf1 g3 56. Kg1 g2 57. Kh2 Kf2 58. Kh3 g1=Q 59. Kh4 Kf3 60. Kh5 Kf4 61. Kh6 Kf5 62. Kh7 Ke6 63. Kh6 Qg8 64. Kh5 Qg5# 0-1

[Event "Scarborough CC Fall Swiss"]
[Site "Toronto CAN"]
[Date "2008.12.18"]
[Round "8"]
[White "Casareno, Erwin"]
[Black "Morrison, Kyle"]
[Result "1/2-1/2"]
[WhiteElo "2214"]
[BlackElo "2244"]
[PlyCount "93"]
[GameId "2160767910294601"]
[EventDate "2008.10.30"]
[EventType "swiss"]
[EventRounds "8"]
[EventCountry "CAN"]
[SourceTitle "EXT 2011"]
[Source "ChessBase"]
[SourceDate "2011.11.26"]
[SourceVersion "1"]
[SourceVersionDate "2011.11.26"]
[SourceQuality "1"]

1. e4 c5 2. Nc3 d6 3. Nf3 Nf6 4. d4 cxd4 5. Nxd4 a6 6. Be2 e5 7. Nb3 Be7 8. O-O O-O 9. a4 Be6 10. Be3 Nbd7 11. f4 Rc8 12. f5 Bc4 13. g4 h6 14. a5 b5 15. axb6 Nxb6 16. Nd2 Bxe2 17. Qxe2 d5 18. exd5 Nbxd5 19. Bf2 Nf4 20. Qd1 Nxg4 21. Qxg4 Qxd2 22. Ne4 Qxc2 23. f6 Bxf6 24. Nxf6+ Kh8 25. Nh5 Nxh5 26. Qxh5 Qxb2 27. Rxa6 Rc2 28. Rb6 Qc3 29. Qf5 Rc1 30. Rxc1 Qxc1+ 31. Kg2 Qg5+ 32. Qxg5 hxg5 33. Be3 f6 34. Kf3 Kh7 35. Kg4 Kg6 36. Bxg5 Ra8 37. Bd2 Ra4+ 38. Bb4 Ra1 39. Bc5 Rc1 40. Bf8 Rc7 41. Bd6 Rc4+ 42. Kf3 Rc3+ 43. Kf2 Rc2+ 44. Kg3 Rc3+ 45. Kf2 Rc2+ 46. Kg3 Rc3+ 47. Kf2 1/2-1/2

[Event "Scarborough CC Fall Swiss"]
[Site "Toronto CAN"]
[Date "2008.12.18"]
[Round "8"]
[White "Kurkowski, Ken"]
[Black "Paterson, Jim"]
[Result "1-0"]
[WhiteElo "1624"]
[BlackElo "1843"]
[PlyCount "82"]
[GameId "2160767910294602"]
[EventDate "2008.10.30"]
[EventType "swiss"]
[EventRounds "8"]
[EventCountry "CAN"]
[SourceTitle "EXT 2011"]
[Source "ChessBase"]
[SourceDate "2011.11.26"]
[SourceVersion "1"]
[SourceVersionDate "2011.11.26"]
[SourceQuality "1"]

1. d4 Nf6 2. c4 e6 3. Nc3 Bb4 4. Qc2 c5 5. Nf3 Nc6 6. e3 Qb6 7. a3 cxd4 8. exd4 Be7 9. Be3 Ng4 10. Bd3 Nxe3 11. fxe3 f5 12. O-O Bf6 13. Rad1 O-O 14. b4 a6 15. c5 Qa7 16. d5 Ne5 17. Nxe5 Bxe5 18. dxe6 dxe6 19. Ne2 Qb8 20. g3 Qc7 21. Bc4 b5 22. Bb3 Qc6 23. Nd4 Bxd4 24. exd4 Qe8 25. Rxf5 Rxf5 26. Qxf5 Qf7 27. Qxf7+ Kxf7 28. Re1 a5 29. d5 axb4 30. dxe6+ Ke8 31. axb4 Ra3 32. Bd5 Ra4 33. Re4 Ke7 34. Bc6 Ba6 35. Bd7 Ra1+ 36. Kf2 Ra2+ 37. Re2 Ra1 38. Ke3 Rb1 39. c6 Rb3+ 40. Kd4 Rxb4+ 41. Kc5 Ra4 1-0

[Event "Scarborough CC Fall Swiss"]
[Site "Toronto CAN"]
[Date "2008.12.18"]
[Round "8"]
[White "Villalobos, Oscar"]
[Black "Hall, John2"]
[Result "0-1"]
[WhiteElo "2044"]
[BlackElo "2208"]
[PlyCount "65"]
[GameId "2160767910294603"]
[EventDate "2008.10.30"]
[EventType "swiss"]
[EventRounds "8"]
[EventCountry "CAN"]
[SourceTitle "EXT 2011"]
[Source "ChessBase"]
[SourceDate "2011.11.26"]
[SourceVersion "1"]
[SourceVersionDate "2011.11.26"]
[SourceQuality "1"]

1. d4 d5 2. Nf3 Nf6 3. e3 g6 4. Be2 Bg7 5. Nbd2 O-O 6. Ne5 c5 7. h4 Nc6 8. h5 Nxe5 9. dxe5 Ne4 10. f4 Ng3 11. Rh2 d4 12. hxg6 fxg6 13. Bc4+ Kh8 14. Qf3 Nf5 15. Ne4 Nh6 16. Ng5 Qb6 17. c3 Bd7 18. g4 dxc3 19. Qh1 cxb2 20. Rxh6 Qb4+ 21. Kf2 Rxf4+ 22. exf4 Qxc4 23. Rxh7+ Kg8 24. Rxg7+ Kxg7 25. Qh7+ Kf8 26. Bxb2 Qxf4+ 27. Nf3 Qf7 28. Qh8+ Qg8 29. Qh6+ Ke8 30. Rd1 Bxg4 31. e6 Bxe6 32. Ng5 Bc4 33. Qh2 0-1

[Event "Scarborough CC Fall Swiss U1700"]
[Site "Toronto CAN"]
[Date "2008.10.30"]
[Round "1"]
[White "Ben Avraham, Mark"]
[Black "Xie, Peter"]
[Result "0-1"]
[WhiteElo "1460"]
[BlackElo "1442"]
[PlyCount "54"]
[GameId "2160767910302796"]
[EventDate "2008.10.30"]
[EventType "swiss"]
[EventRounds "8"]
[EventCountry "CAN"]
[SourceTitle "EXT 2011"]
[Source "ChessBase"]
[SourceDate "2011.11.26"]
[SourceVersion "1"]
[SourceVersionDate "2011.11.26"]
[SourceQuality "1"]

1. e4 e5 2. Bc4 Nc6 3. Nf3 h6 4. d4 exd4 5. c3 dxc3 6. Nxc3 d6 7. O-O Bg4 8. Qb3 Qd7 9. Qxb7 Rb8 10. Qa6 Rb6 11. Qa4 Bxf3 12. gxf3 Ne5 13. Bb5 c6 14. Be2 Be7 15. f4 Ng6 16. e5 Qh3 17. exd6 Nh4 18. Qe4 f5 19. Bh5+ g6 20. Bxg6+ Nxg6 21. Qe6 Nh4 22. Qc8+ Kf7 23. Qxf5+ Nxf5 24. f3 Nh4 25. Kf2 Qxf3+ 26. Ke1 Ng2+ 27. Kd2 Qxf1 0-1

[Event "Scarborough CC Fall Swiss U1700"]
[Site "Toronto CAN"]
[Date "2008.10.30"]
[Round "1"]
[White "Dattani, Dinesh"]
[Black "Farrant, David"]
[Result "1/2-1/2"]
[WhiteElo "1315"]
[BlackElo "1598"]
[PlyCount "83"]
[GameId "2160767910302797"]
[EventDate "2008.10.30"]
[EventType "swiss"]
[EventRounds "8"]
[EventCountry "CAN"]
[SourceTitle "EXT 2011"]
[Source "ChessBase"]
[SourceDate "2011.11.26"]
[SourceVersion "1"]
[SourceVersionDate "2011.11.26"]
[SourceQuality "1"]

1. e4 c5 2. c4 e6 3. Nc3 Nc6 4. Nf3 a6 5. d4 cxd4 6. Nxd4 Nf6 7. Be3 Qc7 8. Nf3 Ne5 9. b3 Bb4 10. Bd2 d6 11. Be2 Bd7 12. Nxe5 dxe5 13. Bf3 Bc6 14. Qc2 O-O 15. O-O Rac8 16. Rfe1 Rfd8 17. Rad1 Qa5 18. Nb1 b5 19. Bxb4 Qxb4 20. Rxd8+ Rxd8 21. Rd1 Rd4 22. Nd2 Nd7 23. cxb5 Qxb5 24. Nc4 f5 25. Rxd4 exd4 26. exf5 e5 27. Nd6 Qb4 28. Qc4+ Qxc4 29. bxc4 Bxf3 30. gxf3 Kf8 31. Kf1 Ke7 32. Ne4 Nf6 33. Ke2 Nh5 34. Kd2 Nf4 35. Kc2 Kd8 36. Kb3 Kc7 37. Kb4 Kb6 38. c5+ Kb7 39. Ka5 d3 40. Kb4 Kc6 41. Kc4 h6 42. a4 1/2-1/2

[Event "Scarborough CC Fall Swiss U1700"]
[Site "Toronto CAN"]
[Date "2008.10.30"]
[Round "1"]
[White "Douglas, Steven"]
[Black "Pishdad, Hassan"]
[Result "0-1"]
[WhiteElo "1577"]
[BlackElo "1371"]
[PlyCount "58"]
[GameId "2160767910302798"]
[EventDate "2008.10.30"]
[EventType "swiss"]
[EventRounds "8"]
[EventCountry "CAN"]
[SourceTitle "EXT 2011"]
[Source "ChessBase"]
[SourceDate "2011.11.26"]
[SourceVersion "1"]
[SourceVersionDate "2011.11.26"]
[SourceQuality "1"]

1. e4 e5 2. f4 exf4 3. Nf3 Nc6 4. Bc4 g5 5. O-O d6 6. d4 g4 7. Bxf4 gxf3 8. Bxf7+ Kxf7 9. Qxf3 Qf6 10. Qh5+ Qg6 11. Bh6+ Nf6 12. Rxf6+ Kxf6 13. Qh4+ Kf7 14. Be3 Rg8 15. Qf2+ Ke8 16. Nc3 Bh3 17. g3 Be7 18. Nd5 Kd7 19. Nf4 Qg4 20. Re1 Bh4 21. Nd5 Raf8 22. Bf4 Nxd4 23. Qxd4 Rxf4 24. Nxf4 Bxg3 25. Nxh3 Be5+ 26. Kf2 Bxd4+ 27. Re3 Qxh3 28. c3 Qxe3+ 29. Kf1 Rg1# 0-1

[Event "Scarborough CC Fall Swiss U1700"]
[Site "Toronto CAN"]
[Date "2008.10.30"]
[Round "1"]
[White "Du, Bob"]
[Black "Graham, John"]
[Result "1/2-1/2"]
[WhiteElo "1162"]
[BlackElo "1504"]
[PlyCount "52"]
[GameId "2160767910302799"]
[EventDate "2008.10.30"]
[EventType "swiss"]
[EventRounds "8"]
[EventCountry "CAN"]

1. e4 d6 2. Nf3 Nf6 3. Nc3 Nc6 4. d4 Bg4 5. Be2 e6 6. h3 Bxf3 7. Bxf3 g6 8. O-O Qd7 9. Re1 O-O-O 10. Bg5 Be7 11. e5 Ng8 12. Bxe7 Ncxe7 13. a4 d5 14. Qd3 a6 15. a5 Nc6 16. Reb1 Nb4 17. Qe2 Ne7 18. Na2 Nec6 19. Nxb4 Nxb4 20. c3 Nc6 21. b4 Na7 22. Qb2 Nb5 23. Be2 c6 24. Bxb5 cxb5 25. Qd2 Kb8 26. Rc1 h5 1/2-1/2

[Event "Scarborough CC Fall Swiss U1700"]
[Site "Toronto CAN"]
[Date "2008.10.30"]
[Round "1"]
[White "Karpik, Steve"]
[Black "Rogers, Michael"]
[Result "1/2-1/2"]
[WhiteElo "1514"]
[BlackElo "1325"]
[PlyCount "74"]
[GameId "2160767910302801"]
[EventDate "2008.10.30"]
[EventType "swiss"]
[EventRounds "8"]
[EventCountry "CAN"]
[SourceTitle "EXT 2011"]
[Source "ChessBase"]
[SourceDate "2011.11.26"]
[SourceVersion "1"]
[SourceVersionDate "2011.11.26"]
[SourceQuality "1"]

1. Nf3 c5 2. c4 Nc6 3. g3 e6 4. Bg2 g6 5. O-O Bg7 6. Nc3 f5 7. e3 Nf6 8. d4 d6 9. Rb1 O-O 10. Na4 b6 11. dxc5 bxc5 12. Nc3 Bb7 13. Ng5 Qe7 14. Nb5 Rfd8 15. a3 d5 16. cxd5 Nxd5 17. Qe2 Rab8 18. Bxd5 exd5 19. Nf3 Na5 20. b4 cxb4 21. Bd2 Qd7 22. a4 Nc4 23. Bxb4 Bc6 24. Rfd1 Bxb5 25. axb5 Rxb5 26. Be1 Rxb1 27. Rxb1 Ra8 28. Rd1 a5 29. Qxc4 dxc4 30. Rxd7 a4 31. Rd1 a3 32. Nd4 a2 33. Bc3 Ra3 34. Bb2 Ra4 35. Bc3 Ra3 36. Bb2 Ra4 37. Bc3 Ra3 1/2-1/2

[Event "Scarborough CC Fall Swiss U1700"]
[Site "Toronto CAN"]
[Date "2008.10.30"]
[Round "1"]
[White "Termeer, Ted"]
[Black "Ward, Dean"]
[Result "0-1"]
[WhiteElo "1426"]
[BlackElo "1614"]
[PlyCount "86"]
[GameId "2160767910302802"]
[EventDate "2008.10.30"]
[EventType "swiss"]
[EventRounds "8"]
[EventCountry "CAN"]
[SourceTitle "EXT 2011"]
[Source "ChessBase"]
[SourceDate "2011.11.26"]
[SourceVersion "1"]
[SourceVersionDate "2011.11.26"]
[SourceQuality "1"]

1. Nf3 d5 2. d4 c6 3. Bf4 Qb6 4. b3 Bg4 5. h3 Bh5 6. Bxb8 Rxb8 7. e3 e6 8. Be2 Qa5+ 9. c3 Bg6 10. Bd3 Bxd3 11. Qxd3 Nf6 12. O-O Bd6 13. b4 Qc7 14. Nfd2 O-O 15. f4 Rfd8 16. g4 h6 17. Qe2 b6 18. g5 hxg5 19. fxg5 Nh7 20. Nf3 c5 21. bxc5 bxc5 22. h4 g6 23. Kg2 Rb7 24. Rh1 Rdb8 25. h5 Rb2 26. Nbd2 cxd4 27. hxg6 fxg6 28. Qd3 Nf8 29. Qxd4 Qg7 30. Qxg7+ Kxg7 31. Rh6 e5 32. Rd1 Rxa2 33. Nh4 Be7 34. Nhf3 e4 35. Nd4 Rbb2 36. Rdh1 Rxd2+ 37. Kg3 Rg2+ 38. Kh3 Bxg5 39. Nf5+ gxf5 40. Rd6 Rge2 41. Rg1 Rh2+ 42. Kg3 Bxe3 43. Rf1 Rag2# 0-1

[Event "Scarborough CC Fall Swiss U1700"]
[Site "Toronto CAN"]
[Date "2008.11.06"]
[Round "2"]
[White "Graham, John"]
[Black "Philip, Andrew"]
[Result "1/2-1/2"]
[WhiteElo "1504"]
[BlackElo "1576"]
[PlyCount "88"]
[GameId "2160767910302803"]
[EventDate "2008.10.30"]
[EventType "swiss"]
[EventRounds "8"]
[EventCountry "CAN"]
[SourceTitle "EXT 2011"]
[Source "ChessBase"]
[SourceDate "2011.11.26"]
[SourceVersion "1"]
[SourceVersionDate "2011.11.26"]
[SourceQuality "1"]

1. e4 Nc6 2. Nf3 Nf6 3. Nc3 d5 4. exd5 Nxd5 5. Be2 Bf5 6. a3 e6 7. Nb5 Nb6 8. d3 a6 9. Nc3 Be7 10. Be3 Nd5 11. Nxd5 Qxd5 12. O-O O-O 13. c3 e5 14. Ng5 h6 15. c4 Qd7 16. Ne4 Nd4 17. f4 f6 18. Kh1 Rfd8 19. fxe5 Nxe2 20. Qxe2 fxe5 21. Rad1 Bg4 22. Qf2 Rf8 23. Qg3 Bxd1 24. Rxd1 Qf5 25. h3 Kh7 26. Nf2 Rad8 27. Ng4 Rxd3 28. Rxd3 Qxd3 29. Nxe5 Qb1+ 30. Bg1 Bc5 31. Nf3 Bxg1 32. Nxg1 Rf1 33. Qe3 Qxb2 34. Qd3+ Kg8 35. Qxf1 Qxa3 36. Nf3 Qc3 37. Qe2 Kf8 38. Qe6 Qc1+ 39. Kh2 Qf4+ 40. Kg1 a5 41. Qd5 a4 42. Ne5 Qe3+ 43. Kh2 Qf4+ 44. Kg1 Qe3+ 1/2-1/2

[Event "Scarborough CC Fall Swiss U1700"]
[Site "Toronto CAN"]
[Date "2008.11.06"]
[Round "2"]
[White "Pishdad, Hassan"]
[Black "Xia, Linda"]
[Result "0-1"]
[WhiteElo "1371"]
[BlackElo "1576"]
[PlyCount "80"]
[GameId "2160767910302804"]
[EventDate "2008.10.30"]
[EventType "swiss"]
[EventRounds "8"]
[EventCountry "CAN"]
[SourceTitle "EXT 2011"]
[Source "ChessBase"]
[SourceDate "2011.11.26"]
[SourceVersion "1"]
[SourceVersionDate "2011.11.26"]
[SourceQuality "1"]

1. e4 e5 2. Nf3 Nf6 3. Nc3 Nc6 4. Bb5 d6 5. d3 Be7 6. h3 O-O 7. O-O Nd4 8. Nxd4 exd4 9. Ne2 c5 10. a4 a6 11. Bc4 d5 12. exd5 Nxd5 13. Bd2 b6 14. Re1 Re8 15. Ng3 Bb7 16. Qg4 Nf6 17. Qd1 Qc7 18. Nf5 Qc6 19. f3 Bd6 20. Nxd6 Qxd6 21. Bg5 Nh5 22. c3 Qg3 23. Qb3 Rxe1+ 24. Rxe1 Qxe1+ 25. Kh2 Qe5+ 26. Kg1 Qxg5 27. Bxf7+ Kh8 28. Bxh5 Qxh5 29. Qxb6 Qd5 30. c4 Qc6 31. Qa5 h6 32. b3 Re8 33. Kf2 Re6 34. Qd2 Qe8 35. a5 Qh5 36. Qf4 Qe5 37. Qf8+ Kh7 38. Qf7 Qe2+ 39. Kg3 Qe1+ 40. Kg4 Rg6+ 0-1

[Event "Scarborough CC Fall Swiss U1700"]
[Site "Toronto CAN"]
[Date "2008.11.06"]
[Round "2"]
[White "Roe, Jim"]
[Black "Dattani, Dinesh"]
[Result "1-0"]
[WhiteElo "1530"]
[BlackElo "1315"]
[PlyCount "66"]
[GameId "2160767910302805"]
[EventDate "2008.10.30"]
[EventType "swiss"]
[EventRounds "8"]
[EventCountry "CAN"]
[SourceTitle "EXT 2011"]
[Source "ChessBase"]
[SourceDate "2011.11.26"]
[SourceVersion "1"]
[SourceVersionDate "2011.11.26"]
[SourceQuality "1"]

1. d4 d5 2. c4 c6 3. Nc3 Nf6 4. Nf3 e6 5. e3 Nbd7 6. Be2 dxc4 7. Bxc4 Be7 8. Bd2 O-O 9. O-O Qc7 10. Rc1 Nb6 11. Bb3 Bd6 12. Nb5 Qe7 13. Nxd6 Qxd6 14. a3 Qd7 15. Re1 Ne4 16. Ne5 Qd8 17. Bb4 Re8 18. f3 Nd6 19. Qd3 Nd5 20. Bc2 Nf5 21. Bd2 Nde7 22. g4 Ng6 23. Nxg6 hxg6 24. gxf5 gxf5 25. Bc3 f6 26. Re2 Kf7 27. Bb3 Rh8 28. Qxf5 g6 29. Qe4 f5 30. Qe5 Bd7 31. d5 Rh7 32. dxe6+ Bxe6 33. Qxe6+ Kf8 1-0

[Event "Scarborough CC Fall Swiss U1700"]
[Site "Toronto CAN"]
[Date "2008.11.06"]
[Round "2"]
[White "Ward, Dean"]
[Black "Walker, John"]
[Result "1/2-1/2"]
[WhiteElo "1614"]
[BlackElo "1079"]
[PlyCount "97"]
[GameId "2160767910302806"]
[EventDate "2008.10.30"]
[EventType "swiss"]
[EventRounds "8"]
[EventCountry "CAN"]
[SourceTitle "EXT 2011"]
[Source "ChessBase"]
[SourceDate "2011.11.26"]
[SourceVersion "1"]
[SourceVersionDate "2011.11.26"]
[SourceQuality "1"]

1. e4 d6 2. Nf3 Nf6 3. Nc3 e5 4. Bc4 Be7 5. d3 O-O 6. h3 Nbd7 7. Be3 Re8 8. Ng5 d5 9. exd5 Nxd5 10. Nxf7 Kxf7 11. Qh5+ Kg8 12. Nxd5 Kh8 13. Nxc7 g6 14. Qh6 Qxc7 15. O-O-O Rf8 16. Rhf1 Bf6 17. f4 Bg7 18. Qh4 e4 19. Kb1 Nb6 20. Bb3 exd3 21. Rxd3 Bf5 22. Rd2 Nc4 23. Bxc4 Qxc4 24. Rfd1 Qb4 25. Bd4 Bxd4 26. Rxd4 Qc5 27. R4d2 Rac8 28. Qf2 Qxf2 29. Rxf2 Rfd8 30. Re1 Rd6 31. g4 Rcd8 32. b3 Rd1+ 33. Rxd1 Rxd1+ 34. Kb2 Bd7 35. f5 Kg7 36. f6+ Kf7 37. g5 Rg1 38. h4 Rh1 39. Rf4 Bf5 40. Rc4 Rd1 41. a4 Rd7 42. Rc8 Rd4 43. Rc7+ Rd7 44. Rc4 Ke6 45. c3 h6 46. Rd4 hxg5 47. hxg5 Rh7 48. Rd2 Rd7 49. Rg2 1/2-1/2

[Event "Scarborough CC Fall Swiss U1700"]
[Site "Toronto CAN"]
[Date "2008.11.06"]
[Round "2"]
[White "Xie, Peter"]
[Black "Farrant-Diaz, Nathan"]
[Result "0-1"]
[WhiteElo "1442"]
[BlackElo "1590"]
[PlyCount "94"]
[GameId "2160767910302807"]
[EventDate "2008.10.30"]
[EventType "swiss"]
[EventRounds "8"]
[EventCountry "CAN"]
[SourceTitle "EXT 2011"]
[Source "ChessBase"]
[SourceDate "2011.11.26"]
[SourceVersion "1"]
[SourceVersionDate "2011.11.26"]
[SourceQuality "1"]

1. e4 b6 2. d4 Bb7 3. Nc3 e6 4. Nf3 Bb4 5. Bd3 Nf6 6. Bg5 h6 7. Bxf6 Qxf6 8. e5 Qe7 9. a3 Bxc3+ 10. bxc3 O-O 11. O-O d6 12. exd6 Qxd6 13. Re1 Nd7 14. Be4 Bxe4 15. Rxe4 Rad8 16. Qd3 c5 17. Ne5 Nxe5 18. Rxe5 cxd4 19. Re4 dxc3 20. Qxc3 Rd7 21. Re3 Qd2 22. a4 Rfd8 23. g3 Qxc3 24. Rxc3 Rd1+ 25. Rxd1 Rxd1+ 26. Kg2 Rd7 27. Ra3 Rc7 28. c3 a6 29. Kf3 Kf8 30. Rb3 Rc6 31. a5 b5 32. Ke3 Rc4 33. Ra3 Ke7 34. f3 Kd6 35. Kd3 Kc5 36. Ke3 Ra4 37. Rb3 Rxa5 38. Rb1 Ra3 39. Kd3 a5 40. Kc2 Ra2+ 41. Rb2 Rxb2+ 42. Kxb2 Kc4 43. h4 a4 44. h5 a3+ 45. Kc2 a2 46. Kb2 a1=Q+ 47. Kxa1 Kxc3 0-1

[Event "Scarborough CC Fall Swiss U1700"]
[Site "Toronto CAN"]
[Date "2008.11.13"]
[Round "3"]
[White "Dattani, Dinesh"]
[Black "Termeer, Ted"]
[Result "1-0"]
[WhiteElo "1315"]
[BlackElo "1426"]
[PlyCount "87"]
[GameId "2160767910302808"]
[EventDate "2008.10.30"]
[EventType "swiss"]
[EventRounds "8"]
[EventCountry "CAN"]
[SourceTitle "EXT 2011"]
[Source "ChessBase"]
[SourceDate "2011.11.26"]
[SourceVersion "1"]
[SourceVersionDate "2011.11.26"]
[SourceQuality "1"]

1. d4 d5 2. c4 e6 3. Nc3 Bb4 4. Qc2 c6 5. Nf3 Nd7 6. e3 Ngf6 7. Be2 Ne4 8. O-O Nxc3 9. bxc3 Be7 10. cxd5 cxd5 11. c4 Nf6 12. c5 O-O 13. Bd2 Ne4 14. Be1 f5 15. Ne5 Bf6 16. c6 Bxe5 17. cxb7 Bxb7 18. dxe5 Qe7 19. Rb1 Rfc8 20. Qb2 Rab8 21. Bb4 Qd7 22. f3 Nc5 23. Rfc1 Na4 24. Qa3 Rxc1+ 25. Rxc1 Bc6 26. Bd1 h6 27. Bd6 Rb7 28. Bxa4 Bxa4 29. Qc3 Kh7 30. Qc8 Qxc8 31. Rxc8 a6 32. Ra8 Bb5 33. a4 Bc4 34. Re8 f4 35. exf4 d4 36. Bc5 d3 37. Be3 Rb2 38. Rd8 Bd5 39. f5 d2 40. Bxd2 Rxd2 41. fxe6 Rd1+ 42. Kf2 Bb3 43. e7 Bxa4 44. Rxd1 1-0

[Event "Scarborough CC Fall Swiss U1700"]
[Site "Toronto CAN"]
[Date "2008.11.13"]
[Round "3"]
[White "Philip, Andrew"]
[Black "Xie, Peter"]
[Result "1-0"]
[WhiteElo "1576"]
[BlackElo "1442"]
[PlyCount "66"]
[GameId "2160767910302809"]
[EventDate "2008.10.30"]
[EventType "swiss"]
[EventRounds "8"]
[EventCountry "CAN"]
[SourceTitle "EXT 2011"]
[Source "ChessBase"]
[SourceDate "2011.11.26"]
[SourceVersion "1"]
[SourceVersionDate "2011.11.26"]
[SourceQuality "1"]

1. d4 d5 2. Bg5 h6 3. Bh4 g5 4. Bg3 Bf5 5. e3 Nc6 6. c3 a6 7. Bd3 Bxd3 8. Qxd3 Nf6 9. Nd2 e6 10. Ngf3 Bd6 11. a3 Bxg3 12. hxg3 Ne7 13. Ne5 Nd7 14. f4 Nxe5 15. dxe5 g4 16. O-O-O h5 17. Rh2 Rc8 18. Rdh1 Nf5 19. Rxh5 Rg8 20. Rh8 Ke7 21. Rxg8 Qxg8 22. e4 dxe4 23. Nxe4 Rd8 24. Qe2 Qg6 25. Qc4 Rd7 26. Qc5+ Nd6 27. Nxd6 cxd6 28. exd6+ Rxd6 29. Rd1 Qh6 30. Qxd6+ Kf6 31. Qe5+ Ke7 32. Qb8 Kf6 33. Qg8 a5 1-0

[Event "Scarborough CC Fall Swiss U1700"]
[Site "Toronto CAN"]
[Date "2008.11.13"]
[Round "3"]
[White "Rogers, Michael"]
[Black "Ward, Dean"]
[Result "0-1"]
[WhiteElo "1350"]
[BlackElo "1614"]
[PlyCount "62"]
[GameId "2160767910302810"]
[EventDate "2008.10.30"]
[EventType "swiss"]
[EventRounds "8"]
[EventCountry "CAN"]
[SourceTitle "EXT 2011"]
[Source "ChessBase"]
[SourceDate "2011.11.26"]
[SourceVersion "1"]
[SourceVersionDate "2011.11.26"]
[SourceQuality "1"]

1. e4 c5 2. Nf3 d6 3. d4 cxd4 4. Nxd4 g6 5. c4 Bg7 6. Nc3 Qb6 7. Ndb5 Nf6 8. Be2 a6 9. Be3 Qa5 10. Na3 Nxe4 11. Bd4 Nxc3 12. bxc3 e5 13. Be3 Qxc3+ 14. Bd2 Qxa3 15. O-O O-O 16. Bf3 Nc6 17. Bd5 Be6 18. Be3 Bxd5 19. Qxd5 Rfd8 20. Rfb1 Rab8 21. Rb3 Qa5 22. Qf3 e4 23. Qd1 b5 24. Rab1 Ne5 25. cxb5 Rxb5 26. Bb6 Qxb6 27. a4 Rxb3 28. Rxb3 Qc7 29. Rb1 Nd3 30. Qe2 d5 31. h3 Bd4 0-1

[Event "Scarborough CC Fall Swiss U1700"]
[Site "Toronto CAN"]
[Date "2008.11.13"]
[Round "3"]
[White "Xia, Linda"]
[Black "Farrant-Diaz, Nathan"]
[Result "1/2-1/2"]
[WhiteElo "1576"]
[BlackElo "1590"]
[PlyCount "108"]
[GameId "2160767910302811"]
[EventDate "2008.10.30"]
[EventType "swiss"]
[EventRounds "8"]
[EventCountry "CAN"]
[SourceTitle "EXT 2011"]
[Source "ChessBase"]
[SourceDate "2011.11.26"]
[SourceVersion "1"]
[SourceVersionDate "2011.11.26"]
[SourceQuality "1"]

1. d4 e6 2. c4 Nf6 3. Nc3 Bb4 4. Bd2 O-O 5. Nf3 b6 6. e3 Bb7 7. Be2 d5 8. O-O Nbd7 9. cxd5 Nxd5 10. Nxd5 Bxd2 11. Nxc7 Qxc7 12. Qxd2 Nf6 13. Rac1 Qd7 14. Ne5 Qe7 15. Bf3 Bxf3 16. Nxf3 Rac8 17. Ne5 Qb7 18. Rc2 Rxc2 19. Qxc2 Rc8 20. Qd3 Rc7 21. Rd1 Qc8 22. h3 Rc2 23. Rd2 Rxb2 24. Kh2 Rxd2 25. Qxd2 Ne4 26. Qe2 Qc7 27. Qf3 f5 28. Qh5 Nf6 29. Qf3 Nd7 30. Qa8+ Qb8 31. Qxb8+ Nxb8 32. Kg1 a5 33. Kf1 b5 34. Ke2 Kf8 35. Kd3 Ke7 36. Kc3 Kd6 37. Kb3 Kd5 38. f3 h6 39. a3 Nc6 40. Nd3 g5 41. g3 h5 42. h4 gxh4 43. Nf4+ Kd6 44. gxh4 a4+ 45. Kc3 b4+ 46. axb4 a3 47. Nd3 Kd5 48. Kb3 a2 49. Kxa2 Kc4 50. b5 Kxb5 51. Nf4 Nb4+ 52. Kb3 Nd5 53. Nxe6 Nxe3 54. Kc3 Ng2 1/2-1/2

[Event "Scarborough CC Fall Swiss U1700"]
[Site "Toronto CAN"]
[Date "2008.11.20"]
[Round "4"]
[White "Smith, Maurice"]
[Black "Philip, Andrew"]
[Result "0-1"]
[WhiteElo "1662"]
[BlackElo "1576"]
[PlyCount "64"]
[GameId "2160767910302812"]
[EventDate "2008.10.30"]
[EventType "swiss"]
[EventRounds "8"]
[EventCountry "CAN"]
[SourceTitle "EXT 2011"]
[Source "ChessBase"]
[SourceDate "2011.11.26"]
[SourceVersion "1"]
[SourceVersionDate "2011.11.26"]
[SourceQuality "1"]

1. e4 Nc6 2. d4 e5 3. d5 Nce7 4. Bd3 Nf6 5. Nf3 Ng6 6. O-O Bc5 7. Nc3 a6 8. h3 d6 9. Ne2 O-O 10. a3 Nh5 11. b4 Bb6 12. c4 a5 13. Bd2 axb4 14. axb4 Rxa1 15. Qxa1 Bd7 16. Qb2 Qc8 17. Kh2 Ne7 18. c5 Ba7 19. cxd6 cxd6 20. Nxe5 dxe5 21. Qxe5 Bb8 22. d6 Qc6 23. g3 Qxd6 24. Qxh5 Qxd3 25. Bc3 Qxe4 26. Nf4 Qf5 27. Rd1 Bc6 28. Qe2 Ng6 29. Nxg6 hxg6 30. Qd2 Qf3 31. Rg1 Ba7 32. Bd4 Rd8 0-1

[Event "Scarborough CC Fall Swiss U1700"]
[Site "Toronto CAN"]
[Date "2008.11.20"]
[Round "4"]
[White "Umana, Mario"]
[Black "Dattani, Dinesh"]
[Result "1-0"]
[WhiteElo "1506"]
[BlackElo "1315"]
[PlyCount "51"]
[GameId "2160767910302813"]
[EventDate "2008.10.30"]
[EventType "swiss"]
[EventRounds "8"]
[EventCountry "CAN"]
[SourceTitle "EXT 2011"]
[Source "ChessBase"]
[SourceDate "2011.11.26"]
[SourceVersion "1"]
[SourceVersionDate "2011.11.26"]
[SourceQuality "1"]

1. c4 c5 2. Nc3 e6 3. Nf3 Nc6 4. g3 b6 5. Bg2 Bb7 6. d3 Nf6 7. Bg5 Be7 8. Nb5 d5 9. b3 O-O 10. O-O a6 11. Na3 Ng4 12. Bxe7 Qxe7 13. Nd2 Rad8 14. e4 Nge5 15. cxd5 exd5 16. exd5 Nb4 17. Ndc4 Nexd3 18. Nxb6 Nxd5 19. Bxd5 Bxd5 20. Qxd3 Bg2 21. Qxa6 Bxf1 22. Qxf1 Rd2 23. Nbc4 Re2 24. Ne3 Rd2 25. Nac4 Rd3 26. Qxd3 1-0